| 000 | 01328nam a22004457a 4500 | ||
|---|---|---|---|
| 001 | BR7310842 | ||
| 003 | BR-BrBNA | ||
| 005 | 20230928084222.0 | ||
| 007 | ta | ||
| 008 | 230509b bl.||||| |||| 00| 0 por d | ||
| 040 |
_aBR-BrBNA _bpor _cBiblioteca Nacional de Agricultura |
||
| 041 | _a(Por) | ||
| 072 |
_aL00; E30 _b8968 _b/G514 |
||
| 090 | _ 8968 BR7310842 | ||
| 100 | 1 | _aMedeiros, J.B.L. de M. | |
| 100 | 1 | _aRibeiro, L.L. | |
| 100 | 1 | _aFrota, F.I.S. | |
| 100 | 1 | _aSantos, I.A.S. | |
| 100 | 1 | _aTomayo, M.M.V. | |
| 100 | 1 | _aVasquez, D.S. | |
| 100 | 1 | _aRojas, J.N.P. | |
| 110 | 1 |
_aCentro de Treinamento em Desenvolvimento Economico, Fortaleza, CE (Brasil) _91678 |
|
| 245 | 1 |
_aCURTUMASA Curtume do Maranhao S.A. [COURO, BOVINO, MERCADO, Brasil] _b6. Curso Interamericano de Elaboracao e Avaliacao de Projetos |
|
| 260 | 3 |
_aFortaleza, CE (Brasil): _c[nd]. |
|
| 300 | _a(v.p.) | ||
| 500 | _aSummary (Por); 31 ref.; Published 1972? [ca 300]p. | ||
| 650 | _aCOURO | ||
| 650 | _aABATE | ||
| 650 | _aPROJETO INDUSTRIAL | ||
| 650 | _aMERCADO | ||
| 650 | _aCURTUME | ||
| 650 | _aMECANIZACAO INDUSTRIAL | ||
| 650 | _aMAO-DE-OBRA | ||
| 650 | _aORCAMENTO | ||
| 650 | _aCUSTO DE PRODUCAO | ||
| 650 | _aINDUSTRIALIZACAO | ||
| 650 | _aMARANHAO | ||
| 909 |
_a202309 _bLucia _c55 _dLucia Elande |
||
| 942 | _cBK | ||
| 999 |
_c17521 _d17521 |
||